[Event "ICS rated blitz match"]
[Site "204.178.125.65"]
[Date "1999.07.28"]
[Round "?"]
[White "kom"]
[Black "Hossa"]
[Result "1-0"]
[WhiteElo "2157"]
[BlackElo "2426"]
[PlyCount "79"]
[EventDate "1999.??.??"]

1. e4 e5 2. Nf3 Nc6 3. d4 exd4 4. Bc4 Nf6 5. Ng5 d5 6. exd5 Nxd5 7. O-O f6 8.
Re1+ Be7 9. Qf3 Ncb4 10. Na3 fxg5 11. Bxg5 c5 12. c3 Rf8 13. Qh5+ Kd7 14. Bxe7
Nxe7 15. cxb4 cxb4 16. Be6+ Kc7 17. Qe5+ Kb6 18. Nc4+ Kc6 19. Rac1 Rf5 20. Nd6+
Kb6 21. Qxd4+ Ka6 22. Bc4+ b5 23. Nxf5 Bxf5 24. Bxb5+ Kxb5 25. Qc5+ Ka4 26.
Rxe7 Bd3 27. Rxa7+ Rxa7 28. Qxa7+ Qa5 29. b3+ Ka3 30. Qxa5+ Kb2 31. Re1 Bb1 32.
Qxb4 Bc2 33. Qd2 g5 34. Rc1 Kxa2 35. Qxc2+ Ka3 36. Qc4 g4 37. b4 g3 38. fxg3
Kb2 39. Qc3+ Ka2 40. Ra1# {Hossa checkmated} 1-0

[Event "ICS rated blitz match"]
[Site "204.178.125.65"]
[Date "1999.07.28"]
[Round "?"]
[White "Hossa"]
[Black "champion-10"]
[Result "1-0"]
[WhiteElo "2400"]
[BlackElo "2259"]
[PlyCount "34"]
[EventDate "1999.??.??"]

1. d4 Nc6 2. d5 Ne5 3. e4 Ng6 4. Bc4 e5 5. Nc3 d6 6. f3 Be7 7. Nge2 Bg5 8. Bb5+
Kf8 9. Qd3 Bxc1 10. Rxc1 N8e7 11. Bc4 Kg8 12. O-O f5 13. Rce1 f4 14. Nb5 Nf8
15. a3 g5 16. Bb3 h5 17. Qc3 17... c6 {champion-10 resigns} 1-0

[Event "ICS rated blitz match"]
[Site "204.178.125.65"]
[Date "1999.07.28"]
[Round "?"]
[White "sergor"]
[Black "Hossa"]
[Result "1-0"]
[WhiteElo "2309"]
[BlackElo "2410"]
[PlyCount "60"]
[EventDate "1999.??.??"]

1. d4 e6 2. c4 c5 3. d5 Qh4 4. Qc2 Nf6 5. Nf3 Qg4 6. Nc3 Qxc4 7. e4 Qb4 8. Bd2
Qb6 9. Bc4 exd5 10. exd5 Be7 11. O-O O-O 12. Rfe1 Re8 13. Bg5 Na6 14. Rad1 Nb4
15. Qd2 Bf8 16. Bxf6 Rxe1+ 17. Rxe1 Qxf6 18. Re8 h6 19. Ne4 Qb6 20. a3 a5 21.
axb4 axb4 22. h3 Ra1+ 23. Kh2 Ra8 24. d6 Kh7 25. Rxf8 Qd8 26. Rxd8 Ra1 27. Bxf7
Rh1+ 28. Kxh1 c4 29. Nfg5+ hxg5 30. Nxg5+ 30... Kh6 {Hossa resigns} 1-0

[Event "ICS rated blitz match"]
[Site "204.178.125.65"]
[Date "1999.07.28"]
[Round "?"]
[White "Hossa"]
[Black "sergor"]
[Result "1-0"]
[WhiteElo "2389"]
[BlackElo "2330"]
[Annotator "Fritz 5.32 (19s)"]
[PlyCount "79"]
[EventDate "1999.??.??"]

1. d4 Nf6 2. c4 e6 3. Nc3 Bb4 4. Bg5 h6 5. Bh4 c5 6. d5 Bxc3+ (6... b5 7. e4 g5
8. Bg3 Nxe4 9. Be5 O-O 10. Qh5 d6 11. Bd3 Nxc3 12. Qxh6 Ne4+ 13. Kf1 dxe5 14.
Bxe4 f5 15. Qg6+ Kh8 16. Qh6+ Kg8 17. Qg6+ Kh8 18. h4 g4 19. Qh6+ Kg8 20. Qg6+
{- Yermolinsky,A-Shabalov,A/ch-USA, Parsippany (3) 1996 (20)}) 7. bxc3 d6 8.
Qa4+ $146 (8. f3 Qe7 9. e4 e5 (9... Nbd7 10. Be2 Nf8 11. Bg3 e5 12. Bd3 g5 13.
Qc2 Ng6 14. Ne2 Nh5 15. O-O-O Bd7 16. Kb1 O-O-O 17. Ka1 Kb8 18. Rb1 Nhf4 19.
Bxf4 exf4 20. g3 Qf6 21. Rhf1 Rhf8 22. Nc1 Ne5 23. g4 h5 24. h3 {
Kanep,M-Bar,R/Eu Y Ch b14, Rimavska Sobota (3) 1996/0-1 (41)}) 10. Bd3 Nbd7 11.
Ne2 Nf8 12. Bf2 h5 13. h4 Ng6 14. Qd2 Bd7 15. Be3 Nh7 16. Ng3 Nxh4 17. Nxh5
O-O-O 18. Qf2 Nf6 19. Nxg7 Nxf3+ 20. Ke2 Nh2 21. Nf5 Qf8 22. Nxd6+ 22... Qxd6 {
Garcia Palermo,C-Giaccio,A/Clarin GP Final, Villa Gisell ARG 1998/0-1 (40)}) (
8. Nf3 e5 9. Nd2 Nbd7 10. Qc2 Qe7 11. e3 e4 12. Be2 g5 13. Bg3 Nf8 14. f3 Bf5
15. O-O-O N8d7 16. h4 O-O-O 17. fxe4 Bxe4 18. Bd3 Bxd3 19. Qxd3 Kc7 20. Rhf1
Ng4 21. Qe4 Nde5 22. Bxe5 Nxe5 23. Nf3 f5 24. Qxf5 Nxc4 25. Rfe1 Rhf8 26. Qd3
b5 27. hxg5 hxg5 28. Rh1 Kb6 29. Rh7 Qf6 30. Rdh1 g4 31. R1h6 Qf5 32. Qxf5 Rxf5
33. Nd2 Rxd5 34. Nxc4+ bxc4 35. Rf7 Rd3 36. Re6 Rxc3+ 37. Kb2 Rd3 38. Ree7 a6
39. Rb7+ Ka5 40. Rf4 Rxe3 41. Rxc4 41... Rf8 {
0-1 Fernandez,M-Servat,R/Najdorf Open (3) 1995 (41)}) 8... Qd7 9. Qb3 g5 10.
Bg3 e5 11. e3 Qc7 12. f4 $15 (12. Bd3 12... Nh5 $11) 12... gxf4 {Raumvorteil}
13. exf4 exf4 14. Bxf4 Nh5 15. Bc1 Qe7+ 16. Ne2 Nd7 17. Qb5 a6 18. Qb3 Ne5 19.
Kd1 Bf5 (19... Qh4 20. h3 $17) 20. Nf4 20... Nxf4 $11 (20... Nf6 21. Be2 $11)
21. Bxf4 O-O-O 22. Be2 $17 (22. g3 $5 $15 {muss unbedingt geprueft werden})
22... Rhg8 $15 (22... Rde8 23. g3 $17) 23. g3 Rde8 24. Bd2 $19 (24. Bxe5 $5
24... Qxe5 25. Re1 $17) 24... Nd3 25. Bxd3 Bxd3 26. Kc1 Qe4 27. Rd1 Bxc4 28.
Qb6 Bd3 (28... Qxd5 $6 29. Bf4 Qc6 30. Qxc6+ bxc6 31. Bxd6 $15) 29. Qxd6 {
Schwarz darf Weiss nun nicht zu Bf4 kommen lassen} 29... Qa4 $1 {
Boing!. Droht Matt} 30. Qxc5+ 30... Kb8 $4 $18 {und raufte sich die Haare} (
30... Kd7 $142 {und die Waage neigt sich zugunsten von Schwarz} 31. Kb2 Qc2+
32. Ka3 32... Re4 $19) 31. Bf4+ 31... Ka8 {Es droht Matt} 32. Rxd3 Re1+ 33. Kb2
Rge8 (33... Re2+ {der letzte Widerstandsversuch} 34. Rd2 34... b6 $18) 34. Rxe1
Rxe1 35. Qc8+ Ka7 36. Qb8+ Kb6 37. Bc7+ Kb5 (37... Kc5 {
waere gleichermassen fruchtlos} 38. Qa7+ Kb5 39. Qb6+ Kc4 40. Rd4#) 38. Qxb7+
Kc4 (38... Kc5 {macht keinen grossen Unterschied} 39. Qb6+ Kc4 40. Rd4#) 39.
Rd4+ Kc5 40. Qb6# 1-0

[Event "ICS rated blitz match"]
[Site "204.178.125.65"]
[Date "1999.07.28"]
[Round "?"]
[White "Hossa"]
[Black "libertad"]
[Result "1-0"]
[WhiteElo "2407"]
[BlackElo "2118"]
[PlyCount "83"]
[EventDate "1999.??.??"]

1. d4 d5 2. c4 c6 3. Nc3 Nf6 4. cxd5 cxd5 5. f3 Nc6 6. e4 dxe4 7. d5 Ne5 8.
fxe4 e6 9. Bf4 Bd6 10. Bb5+ Bd7 11. Bxd7+ Qxd7 12. Nge2 exd5 13. exd5 O-O 14.
Rc1 Rfe8 15. O-O Rac8 16. Bg5 Bc5+ 17. Kh1 Nfg4 18. Ne4 f5 19. Nxc5 Rxc5 20.
Rxc5 h6 21. Bf4 g5 22. Bc1 f4 23. b3 Qf5 24. Nd4 Qe4 25. Rb5 Nd3 26. Qe2 Ndf2+
27. Rxf2 Nxf2+ 28. Qxf2 Qe1+ 29. Qg1 Qh4 30. Nf3 Qg4 31. Rxb7 Qc8 32. Rxa7 Qd8
33. Qd4 Re7 34. Bb2 Rxa7 35. Qh8+ Kf7 36. Ne5+ Ke7 37. Nc6+ Kd6 38. Qxd8+ Rd7
39. Qa5 Rc7 40. Be5+ Kd7 41. Qxc7+ Ke8 42. Qe7# {libertad checkmated} 1-0

[Event "ICS rated blitz match"]
[Site "204.178.125.65"]
[Date "1999.07.28"]
[Round "?"]
[White "libertad"]
[Black "Hossa"]
[Result "1-0"]
[WhiteElo "2113"]
[BlackElo "2412"]
[PlyCount "137"]
[EventDate "1999.??.??"]

1. d4 e6 2. c4 d5 3. Nc3 c5 4. cxd5 exd5 5. Nf3 cxd4 6. Nxd4 Bc5 7. Nb3 Bb4 8.
Qd4 Bxc3+ 9. Qxc3 f6 10. Bf4 Nc6 11. e4 Qe7 12. O-O-O Nb4 13. Qd4 Qxe4 14. Bb5+
Kf7 15. Qxe4 dxe4 16. Rd8 Nxa2+ 17. Kb1 g5 18. Bd6 a6 19. Be8+ Kg7 20. Kxa2 e3
21. Rc1 exf2 22. Bh5 Ne7 23. Rxh8 Ng8 24. Rxg8+ Kxg8 25. Bg3 Bd7 26. Bf3 Bc6
27. Bxc6 bxc6 28. Bxf2 Rc8 29. Na5 f5 30. Rxc6 Re8 31. Rc2 f4 32. h3 h6 33. Nb3
Re7 34. Nc5 a5 35. Nd3 Rd7 36. Rc3 Kg7 37. Ne1 Rd2 38. Bb6 a4 39. Rc2 Rd6 40.
Bc5 Re6 41. Nf3 Kf7 42. Bd4 Ra6 43. Rc7+ Ke6 44. Rh7 Kd5 45. Bc3 Rc6 46. Rd7+
Ke6 47. Rd8 Ke7 48. Ra8 g4 49. Rxa4 gxf3 50. gxf3 Rg6 51. Rxf4 Rg3 52. Re4+ Kd7
53. Rd4+ Kc6 54. Rh4 Rxf3 55. Rxh6+ Kb5 56. h4 Rh3 57. Rh8 Kc6 58. h5 Rh4 59.
h6 Rh3 60. h7 Rh6 61. Rc8+ Kb7 62. h8=Q Ra6+ 63. Kb1 Rd6 64. Qe8 Rd1+ 65. Kc2
Rd7 66. Qxd7+ Kb6 67. Rc6+ Kb5 68. Qd5+ Ka4 69. Rc4# {Hossa checkmated} 1-0

[Event "ICS rated blitz match"]
[Site "204.178.125.65"]
[Date "1999.07.28"]
[Round "?"]
[White "Hossa"]
[Black "libertad"]
[Result "1-0"]
[WhiteElo "2385"]
[BlackElo "2140"]
[PlyCount "93"]
[EventDate "1999.??.??"]

1. d4 d5 2. c4 dxc4 3. e4 e5 4. Nf3 Bb4+ 5. Bd2 Bxd2+ 6. Nbxd2 exd4 7. Bxc4 Nc6
8. O-O Qf6 9. b4 a6 10. a4 Bg4 11. Qb3 Nge7 12. b5 Na5 13. Qd3 Nxc4 14. Qxc4
Bxf3 15. Nxf3 c6 16. e5 Qe6 17. Qxe6 fxe6 18. Nxd4 axb5 19. axb5 Kf7 20. f4 c5
21. Nf3 Nd5 22. Ng5+ Ke7 23. Rxa8 Rxa8 24. f5 exf5 25. Rxf5 h6 26. Ne4 Ne3 27.
Rh5 Ng4 28. Kf1 Ra1+ 29. Ke2 Ra2+ 30. Kf3 g6 31. Kxg4 gxh5+ 32. Kxh5 b6 33. Nc3
Rxg2 34. Nd5+ Ke6 35. Nf4+ Kxe5 36. Nxg2 c4 37. Kxh6 c3 38. Ne1 Kd4 39. h4 Kc5
40. h5 Kxb5 41. Kg6 Kc4 42. h6 b5 43. h7 b4 44. h8=Q b3 45. Qg8+ Kb4 46. Nd3+
Ka3 47. Qa8# {libertad checkmated} 1-0

[Event "ICS rated blitz match"]
[Site "204.178.125.65"]
[Date "1999.07.28"]
[Round "?"]
[White "libertad"]
[Black "Hossa"]
[Result "0-1"]
[WhiteElo "2153"]
[BlackElo "2397"]
[PlyCount "71"]
[EventDate "1999.??.??"]

1. d4 e6 2. c4 d5 3. Nc3 Bb4 4. Nf3 dxc4 5. Bd2 c5 6. dxc5 Bxc5 7. e4 Qb6 8.
Na4 Qc6 9. Nxc5 Qxc5 10. Rc1 b5 11. b3 Qc6 12. bxc4 Qxe4+ 13. Be3 bxc4 14. Rxc4
Qb7 15. Be2 Ne7 16. O-O O-O 17. Ne5 f6 18. Bf3 Nd5 19. Nd3 Nc6 20. Qc2 Ne5 21.
Nxe5 fxe5 22. Rd1 Rxf3 23. gxf3 Bd7 24. Qb3 Qa6 25. Rg4 Nf6 26. Rb4 Qc6 27. Bg5
Rc8 28. Bxf6 gxf6 29. Rb8 Be8 30. Rxc8 Qxc8 31. Rd6 Kf7 32. Qe3 Qb8 33. Qd2
Qb1+ 34. Kg2 Qg6+ 35. Kf1 Bb5+ 36. Rd3 {libertad resigns} 0-1

[Event "ICS rated blitz match"]
[Site "204.178.125.65"]
[Date "1999.07.28"]
[Round "?"]
[White "libertad"]
[Black "Hossa"]
[Result "0-1"]
[WhiteElo "2141"]
[BlackElo "2409"]
[PlyCount "98"]
[EventDate "1999.??.??"]

1. d4 e6 2. c4 d5 3. Nc3 Bb4 4. Nf3 dxc4 5. Bd2 c5 6. dxc5 Bxc5 7. e4 Qb6 8.
Na4 Qc6 9. Nxc5 Qxc5 10. Rc1 b5 11. b3 Qc6 12. bxc4 Qxe4+ 13. Be3 bxc4 14. Bxc4
Ne7 15. O-O O-O 16. Bd3 Qd5 17. Ng5 f5 18. Bc4 Qxd1 19. Rcxd1 Nbc6 20. Bc5 Rf6
21. Rfe1 Rb8 22. Re2 Rb7 23. Nxe6 Bxe6 24. Bxe6+ Kf8 25. f4 a5 26. a4 g6 27.
Rde1 Kg7 28. Rd2 Rf8 29. Red1 Re8 30. g3 h5 31. Bc4 Rbb8 32. Bb5 Rbc8 33. Rd7
Kh6 34. Bb6 Rb8 35. Bc5 Rbc8 36. Bd6 Ng8 37. Bc7 Re7 38. Bxc6 Rxc7 39. Rxe7
Nxe7 40. Bb5 Rc2 41. Rd7 Nc8 42. Rc7 Rxc7 43. Kg2 Rc2+ 44. Kh3 Nb6 45. Be8 Ra2
46. Bb5 Nxa4 47. Bf1 Nc3 48. Bg2 Ne2 49. Bf3 49... Ng1+ {libertad resigns} 0-1

[Event "ICS rated blitz match"]
[Site "204.178.125.65"]
[Date "1999.07.28"]
[Round "?"]
[White "Hossa"]
[Black "libertad"]
[Result "1-0"]
[WhiteElo "2415"]
[BlackElo "2135"]
[Annotator "Fritz 5.32 (19s)"]
[PlyCount "107"]
[EventDate "1999.??.??"]

1. d4 Nf6 2. c4 e6 3. Nc3 Bb4 4. Bg5 h6 5. Bh4 c5 6. d5 Bxc3+ (6... b5 7. e4 g5
8. Bg3 Nxe4 9. Be5 O-O 10. Qh5 d6 11. Bd3 Nxc3 12. Qxh6 Ne4+ 13. Kf1 dxe5 14.
Bxe4 f5 15. Qg6+ Kh8 16. Qh6+ Kg8 17. Qg6+ Kh8 18. h4 g4 19. Qh6+ Kg8 20. Qg6+
{- Yermolinsky,A-Shabalov,A/ch-USA, Parsippany (3) 1996 (20)}) 7. bxc3 e5 (7...
d6 8. f3 Qe7 9. e4 e5 10. Bd3 Nbd7 11. Ne2 Nf8 12. Bf2 h5 13. h4 Ng6 14. Qd2
Bd7 15. Be3 Nh7 16. Ng3 Nxh4 17. Nxh5 O-O-O 18. Qf2 Nf6 19. Nxg7 Nxf3+ 20. Ke2
Nh2 21. Nf5 Qf8 22. Nxd6+ {
Garcia Palermo,C-Giaccio,A/Clarin GP Final, Villa Gisell ARG 1998/0-1 (40)}) 8.
Nf3 $146 (8. f3 d6 9. e4 O-O 10. Bd3 Nbd7 11. Ne2 Re8 12. g4 g5 13. Bf2 Kg7 14.
Ng3 Nf8 15. Nf5+ Bxf5 16. gxf5 Nh5 17. h4 Nf4 18. hxg5 hxg5 19. Bg3 Nd7 20. Bc2
Rh8 21. Kd2 Qa5 22. a4 22... Rxh1 {
Adensamer,G-Lechenbauer,K/op, Schaan LIE (5) 1996/0-1 (35)}) (8. Qc2 d6 9. e3
Qe7 10. Nf3 Nbd7 11. Nd2 Nf8 12. Bd3 Bd7 13. O-O g5 14. Bg3 O-O-O 15. Rab1 Kb8
16. Rb2 Ka8 17. Rfb1 Rb8 18. Bf5 Nh5 19. Nb3 Ba4 20. Qe2 Ng7 21. Bc2 Bxb3 22.
axb3 f5 23. b4 {1-0 Duhayon,Y-Deleyn,G/Interteam ch, BEL 1997 (23)}) 8... g5 9.
Bg3 9... d6 {Ueberdeckt e5} 10. Nd2 Bf5 11. f3 {Befestigt e4} 11... e4 $14 (
11... Nbd7 12. e4 Bg6 13. Rb1 $11) 12. Qb1 b6 13. fxe4 Bg6 14. Qb5+ Kf8 15. e5
{Der Standardhebel} 15... Nh5 16. exd6 $15 {Weiss spielt seinen Trumpf aus} (
16. Bf2 $5 $11 {ist zu beachten}) 16... Nxg3 17. hxg3 Qxd6 18. O-O-O Nd7 19. e4
Nf6 20. Qb2 $15 (20. Bd3 20... Re8 $11) 20... Kg7 $14 (20... Ng4 21. Nf3 21...
Qxg3 $17 (21... Bxe4 $6 22. Nxg5 Bg6 23. Nf3 $11)) 21. Qc2 $15 (21. Bd3 $5 $14
{ist zu erwaegen}) 21... Rae8 $11 {
Der rueckstaendige Bauer wird zur Angriffsmarke} (21... Ng4 22. Nf3 $15) 22.
Bd3 Qxg3 23. Rdg1 (23. Rhe1 Ng4 (23... Qxg2 $143 24. e5 Nxd5 25. Bxg6 fxg6 26.
cxd5 Qxd5 27. Qa4 $14) 24. Nf1 Qf4+ 25. Qd2 Nf2 26. Qxf4 26... gxf4 $17) 23...
Qf2 24. Qb1 Nd7 25. g4 $17 (25. Qb3 $5 $15) 25... Ne5 26. Bc2 Qf4 27. Rf1 Qxg4
28. a4 Qg3 29. Kb2 Qg2 30. Rd1 f6 31. Ka1 $19 (31. Qa2 31... Qg3 $17) 31... Ra8
$17 (31... Nf3 $5 32. Qc1 $19) 32. Qb3 Rhb8 33. Rhg1 33... Qf2 $15 (33... Qh3
34. Nb1 $17) 34. Rgf1 Qe3 35. Rh1 35... Nd3 $4 $16 {
danach wendet sich das Blatt} (35... a6 $17 $142) 36. Kb1 $4 $19 {
wirft den Vorteil weg} (36. Nf1 $142 36... Qxe4 37. Rh3 $14) 36... b5 $4 $11 {
danach wendet sich das Blatt} (36... Nf2 $142 {und Schwarz bekommt die Oberhand
} 37. Rhe1 37... Qf4 $19) 37. cxb5 {Weiss droht Nc4} ({Und nicht} 37. axb5
37... Nf2 38. Rhe1 38... Qf4 $19 (38... Nxd1 $6 39. Rxe3 Nxe3 40. Qa3 $15))
37... a6 $2 $18 (37... Nf2 $142 {damit waere Schwarz im Spiel geblieben} 38.
Nc4 38... Qg3 $11) 38. c4 $16 (38. Nc4 Qxe4 39. Bxd3 axb5 40. axb5 Qxh1 41.
Rxh1 Bxd3+ 42. Kb2 Bxc4 43. Qxc4 43... Ra5 $18) 38... Ne5 $4 $18 {
fuehrt zu weiteren Sorgen} (38... axb5 $142 39. cxb5 39... Qd4 $16) 39. Qxe3
axb5 40. axb5 {Der Freibauer b5 greift sofort ein} 40... Ra5 (40... Rc8 {
holt die Kuh nicht vom Eis} 41. Rdf1 $18) 41. Qxc5 Rba8 42. Qe7+ Nf7 43. Kb2 (
43. Rhf1 $142 {ist genauer} 43... f5 44. e5 Bh5 45. Qf6+ 45... Kg8 $18) 43...
Ra2+ 44. Kc3 R8a3+ 45. Bb3 g4 46. Kb4 (46. d6 $142 {
und Weiss ist direkt am Ziel} 46... Ra7 47. d7 47... R2a3 $18) 46... h5 47.
Rhf1 Ra7 48. Qxf6+ Kh7 49. Bxa2 Rxa2 50. b6 Rb2+ 51. Qxb2 {Es droht Matt} 51...
Nh6 (51... g3 {aendert nichts am Ausgang der Partie} 52. b7 h4 53. b8=Q Kh6 54.
Rxf7 Bxf7 55. Qf6+ Kh5 56. Qxf7+ Kh6 57. Qbf4#) 52. b7 Nf7 53. b8=Q Nh6 (53...
h4 {aendert nichts mehr} 54. Qf8 Ne5 55. Qxe5 Bxe4 56. Qxe4#) 54. Q8h8# (54.
Q2h8#) 1-0

[Event "ICS Rated blitz match"]
[Site "204.178.125.65"]
[Date "1999.07.28"]
[Round "?"]
[White "Hossa"]
[Black "Pop-eye"]
[Result "1/2-1/2"]
[WhiteElo "2420"]
[BlackElo "2339"]
[PlyCount "129"]
[EventDate "1999.??.??"]

1. d4 Nf6 2. c4 d6 3. Nc3 Nbd7 4. e4 e5 5. d5 Be7 6. Bd3 h6 7. Nge2 Nh7 8. O-O
O-O 9. a3 Bg5 10. f4 exf4 11. Nxf4 Ne5 12. b4 a5 13. b5 b6 14. Be2 g6 15. Qd4
Bf6 16. Qe3 Bg7 17. Qg3 Bd7 18. Bd2 Qe7 19. a4 Rae8 20. Rad1 Qd8 21. Rde1 Qc8
22. Kh1 Bg4 23. Bxg4 Qxg4 24. Qxg4 Nxg4 25. Nd3 Re7 26. h3 Ne5 27. Nxe5 Rxe5
28. Kg1 Rfe8 29. Re2 R5e7 30. Rfe1 Nf6 31. Kh1 Nd7 32. Nd1 Nc5 33. Nc3 Bxc3 34.
Bxc3 Rxe4 35. Rxe4 Rxe4 36. Rxe4 Nxe4 37. Bd4 Nc5 38. Bxc5 dxc5 39. g3 f5 40.
h4 Kf7 41. Kg2 Kf6 42. Kf2 Ke5 43. h5 g5 44. Ke3 f4+ 45. gxf4+ gxf4+ 46. Kf2
Ke4 47. Ke2 Kd4 48. Kf3 Kxc4 49. Ke4 f3 50. Kxf3 Kxd5 51. Ke2 c4 52. Kd2 Kd4
53. Kc2 c3 54. Kc1 Kc4 55. Kc2 Kb4 56. Kc1 Kxa4 57. Kc2 Kxb5 58. Kxc3 Kc5 59.
Kd2 Kd5 60. Kc2 Ke5 61. Kd3 Kf5 62. Kd4 Kg5 63. Ke4 Kxh5 64. Kd5 Kg5 65. Kc6 {
Pop-eye ran out of time and Hossa has no material to mate} 1/2-1/2

[Event "ICS rated blitz match"]
[Site "204.178.125.65"]
[Date "1999.07.28"]
[Round "?"]
[White "Hossa"]
[Black "MKT"]
[Result "1-0"]
[WhiteElo "2419"]
[BlackElo "2003"]
[PlyCount "69"]
[EventDate "1999.??.??"]

1. d4 d5 2. c4 e6 3. Nc3 c5 4. cxd5 exd5 5. Nf3 Nc6 6. g3 Nf6 7. Bg2 Be7 8. O-O
O-O 9. Bg5 h6 10. Bxf6 Bxf6 11. dxc5 d4 12. Ne4 Bf5 13. Nxf6+ Qxf6 14. Qb3 Rfe8
15. Nh4 Be4 16. Rfe1 Bxg2 17. Nxg2 Ne5 18. Qxb7 Rab8 19. Qxa7 Rxb2 20. Nf4 d3
21. Qa4 Rd8 22. exd3 Nxd3 23. Re8+ Rxe8 24. Qxe8+ Kh7 25. Nxd3 Rxf2 26. Qe4+ g6
27. Ne5 Rf5 28. Re1 Qa6 29. a4 Qa5 30. Nd3 Qd2 31. c6 Qc2 32. Rc1 Qd2 33. c7
Qa5 34. c8=Q Qb6+ 35. Kg2 {MKT resigns} 1-0

[Event "ICS rated blitz match"]
[Site "204.178.125.65"]
[Date "1999.07.28"]
[Round "?"]
[White "libertad"]
[Black "Hossa"]
[Result "1-0"]
[WhiteElo "2122"]
[BlackElo "2422"]
[PlyCount "61"]
[EventDate "1999.??.??"]

1. Nf3 Nf6 2. d4 d5 3. c4 dxc4 4. e3 b5 5. a4 c6 6. b3 cxb3 7. axb5 Bg4 8. Qxb3
Bxf3 9. gxf3 Nfd7 10. Rg1 Qc7 11. Nd2 Qxh2 12. Rg3 Qh6 13. Bb2 e5 14. Bc4 Qh5
15. bxc6 Nxc6 16. Qb7 Rb8 17. Qxc6 a6 18. Bc3 exd4 19. Bxd4 f6 20. Be6 Rd8 21.
Bxd7+ Rxd7 22. Qc8+ Rd8 23. Qe6+ Be7 24. Rxg7 Rd7 25. Rxa6 Kf8 26. Rxe7 Rxe7
27. Ra8+ Re8 28. Qxf6+ Qf7 29. Qh6+ Kg8 30. Rxe8+ Qf8 31. Qg7# {
Hossa checkmated} 1-0

[Event "ICS rated blitz match"]
[Site "204.178.125.65"]
[Date "1999.07.28"]
[Round "?"]
[White "Hossa"]
[Black "libertad"]
[Result "1-0"]
[WhiteElo "2395"]
[BlackElo "2149"]
[PlyCount "119"]
[EventDate "1999.??.??"]

1. d4 d5 2. c4 c6 3. Nc3 Nf6 4. cxd5 cxd5 5. f3 Nc6 6. e4 dxe4 7. d5 Ne5 8.
fxe4 e6 9. Bf4 Bd6 10. Bb5+ Bd7 11. Bxd7+ Qxd7 12. Nge2 exd5 13. exd5 O-O 14.
Rc1 Rfe8 15. O-O Bc5+ 16. Kh1 Rac8 17. Na4 Bd6 18. Rxc8 Rxc8 19. Nac3 Nc4 20.
Qb3 a6 21. Re1 b5 22. Rd1 Na5 23. Qc2 Bxf4 24. Nxf4 b4 25. Qa4 bxc3 26. Qxa5
Qg4 27. Rf1 cxb2 28. Qd2 Rb8 29. Rb1 Qg5 30. g3 Qe5 31. Qg2 a5 32. Qf3 Rc8 33.
Nd3 Rc1+ 34. Kg2 Rc2+ 35. Kh1 Qc3 36. Qf4 h6 37. Nxb2 Rxb2 38. Rxb2 Qxb2 39. d6
Qb1+ 40. Kg2 Qc2+ 41. Kf3 Qd1+ 42. Kg2 Qd5+ 43. Kg1 Qc5+ 44. Kg2 Qc6+ 45. Kh3
Nd7 46. Qd4 f6 47. Qd3 Kf7 48. Qb3+ Ke8 49. Qg8+ Nf8 50. Qxg7 Qxd6 51. Qxh6
Qe6+ 52. g4 a4 53. Qh5+ Ke7 54. Qc5+ Kf7 55. Qa7+ Kg6 56. Qxa4 Qe3+ 57. Kg2 Ne6
58. Qe8+ Kg5 59. Qh5+ Kf4 60. Qf5# {libertad checkmated} 1-0

[Event "ICS rated blitz match"]
[Site "204.178.125.65"]
[Date "1999.07.28"]
[Round "?"]
[White "libertad"]
[Black "Hossa"]
[Result "0-1"]
[WhiteElo "2143"]
[BlackElo "2401"]
[PlyCount "60"]
[EventDate "1999.??.??"]

1. d4 e6 2. c4 d5 3. cxd5 exd5 4. Nc3 c5 5. e4 dxe4 6. Bb5+ Bd7 7. dxc5 Bxb5 8.
Qxd8+ Kxd8 9. Nxb5 Bxc5 10. Bf4 Bb4+ 11. Bd2 Nc6 12. O-O-O Ke7 13. Ne2 f5 14.
g4 fxg4 15. Ng3 Rc8 16. Kb1 Nf6 17. Rhe1 Bxd2 18. Rxd2 Ne5 19. Nxe4 Nf3 20. Re3
Nxd2+ 21. Nxd2+ Kf8 22. Nxa7 Rd8 23. Kc1 Ra8 24. Ra3 Kf7 25. b4 Rhe8 26. Kd1
Nd5 27. b5 h5 28. Kc2 Re2 29. Kd3 Rxf2 30. Nc4 30... Rf3+ {libertad resigns}
0-1

[Event "ICS rated blitz match"]
[Site "204.178.125.65"]
[Date "1999.07.28"]
[Round "?"]
[White "Hossa"]
[Black "libertad"]
[Result "0-1"]
[WhiteElo "2407"]
[BlackElo "2137"]
[PlyCount "138"]
[EventDate "1999.??.??"]

1. d4 d5 2. c4 dxc4 3. e4 e5 4. Nf3 Bb4+ 5. Bd2 Bxd2+ 6. Nbxd2 exd4 7. Bxc4 Nc6
8. O-O Qf6 9. b4 a6 10. a4 Bg4 11. Qb3 Nge7 12. b5 Na5 13. Qd3 Nxc4 14. Qxc4
Bxf3 15. Nxf3 O-O-O 16. Rfd1 Qe6 17. Qxe6+ fxe6 18. Nxd4 e5 19. Ne6 Rxd1+ 20.
Rxd1 axb5 21. axb5 Rg8 22. Ng5 h6 23. Nf7 Ng6 24. Rd5 Re8 25. h4 Nf4 26. Rd2
Kb8 27. Kh2 Ng6 28. Kg3 Re7 29. Nd8 Nf8 30. f3 Nd7 31. Rd1 Kc8 32. Ra1 Nb6 33.
Rd1 Nc4 34. f4 Nd6 35. fxe5 Rxe5 36. b6 Kxd8 37. Kf3 Kd7 38. bxc7 Kxc7 39. Re1
b5 40. Kf4 Nc4 41. Rc1 Kc6 42. Rc2 Kc5 43. Rc1 Re7 44. g4 b4 45. e5 b3 46. g5
Kb4 47. e6 hxg5+ 48. Kxg5 Rxe6 49. h5 b2 50. Rb1 Kb3 51. Kf5 Ra6 52. h6 gxh6
53. Re1 Nd2 54. Re3+ Kc2 55. Re1 b1=Q 56. Rxb1 Nxb1 57. Ke5 Rg6 58. Kf5 Rg8 59.
Ke5 h5 60. Kd5 h4 61. Ke4 h3 62. Ke5 h2 63. Ke6 h1=Q 64. Kf5 Qf1+ 65. Ke6 Re8+
66. Kd7 Qf7+ 67. Kc6 Re6+ 68. Kd5 Qf5+ 69. Kc4 69... Re4# {Hossa checkmated}
0-1

[Event "ICS rated blitz match"]
[Site "204.178.125.65"]
[Date "1999.07.28"]
[Round "?"]
[White "libertad"]
[Black "Hossa"]
[Result "1-0"]
[WhiteElo "2163"]
[BlackElo "2381"]
[PlyCount "83"]
[EventDate "1999.??.??"]

1. d4 e6 2. c4 d5 3. Nc3 Bb4 4. Nf3 dxc4 5. Bd2 c5 6. dxc5 Bxc5 7. e4 Qb6 8.
Na4 Qc6 9. Nxc5 Qxc5 10. Rc1 b5 11. Bd3 Bb7 12. O-O Nf6 13. e5 Ng4 14. b3 Qd5
15. Be2 Nxe5 16. bxc4 bxc4 17. Qa4+ Bc6 18. Qb4 Nd3 19. Bxd3 cxd3 20. Qa3 a5
21. Rfd1 Qe4 22. Re1 Qg4 23. Qd6 Bd7 24. Rc5 Qa4 25. Bg5 Nc6 26. Rxc6 f6 27.
Rc7 d2 28. Rxe6+ Kd8 29. Bxd2 Ra6 30. Rxd7+ Qxd7 31. Qxa6 Qxe6 32. Qxe6 Kc7 33.
Bxa5+ Kb8 34. Qd7 Rc8 35. h4 Rc1+ 36. Kh2 g6 37. Bb6 h5 38. Nd4 g5 39. hxg5
fxg5 40. Nb5 Rd1 41. Qc7+ Ka8 42. Qc8# {Hossa checkmated} 1-0

[Event "ICS rated blitz match"]
[Site "204.178.125.65"]
[Date "1999.07.28"]
[Round "?"]
[White "Hossa"]
[Black "libertad"]
[Result "0-1"]
[WhiteElo "2356"]
[BlackElo "2188"]
[PlyCount "52"]
[EventDate "1999.??.??"]

1. d4 Nf6 2. c4 e5 3. d5 Bc5 4. e3 d6 5. Nc3 O-O 6. Bd3 Bb4 7. Nge2 e4 8. Bb1
Bg4 9. Bd2 Bxc3 10. Bxc3 Nbd7 11. Qd2 Nb6 12. Qc2 Re8 13. Ng3 Nxc4 14. h3 Bd7
15. Qb3 b5 16. Bxf6 Qxf6 17. Bxe4 Qh4 18. Qc2 Nxe3 19. Bxh7+ Kh8 20. fxe3 Qxg3+
21. Kf1 Rxe3 22. Qxc7 Qf4+ 23. Kg1 Re2 24. Qxa7 Rxa7 25. a3 Qf2+ 26. Kh2 26...
Qxg2# {Hossa checkmated} 0-1

[Event "ICS rated blitz match"]
[Site "204.178.125.65"]
[Date "1999.07.28"]
[Round "?"]
[White "libertad"]
[Black "Hossa"]
[Result "1-0"]
[WhiteElo "2211"]
[BlackElo "2333"]
[PlyCount "119"]
[EventDate "1999.??.??"]

1. d4 e6 2. c4 d5 3. Nc3 Bb4 4. Nf3 dxc4 5. Bd2 c5 6. dxc5 Bxc5 7. e4 Qb6 8.
Na4 Qc6 9. Nxc5 Qxc5 10. Rc1 b5 11. Bd3 Bb7 12. O-O Nf6 13. e5 Ng4 14. b3 Qd5
15. Be2 Nxe5 16. bxc4 bxc4 17. Qa4+ Bc6 18. Qb4 Nd3 19. Bxd3 cxd3 20. Qa3 Qf5
21. Rfe1 Qd5 22. Re3 Qd7 23. Rxd3 Bd5 24. Rxd5 exd5 25. Qe3+ Qe6 26. Qxe6+ fxe6
27. Rc8+ Kd7 28. Rxh8 Kc6 29. Nd4+ Kb6 30. Nxe6 d4 31. Nxd4 h5 32. Bf4 Kb7 33.
Rxb8+ Rxb8 34. Bxb8 Kxb8 35. Ne6 g6 36. Nf4 g5 37. Nxh5 g4 38. Nf6 Kc7 39. Nxg4
Kd6 40. h4 a5 41. h5 Ke6 42. h6 Kf7 43. f4 a4 44. f5 a3 45. f6 Kg6 46. g3 Kf7
47. Kf2 Kg6 48. Kf3 Kf7 49. Ke4 Kg6 50. Ke5 Kf7 51. Kf5 Kg8 52. Kg6 Kf8 53. h7
Ke8 54. h8=Q+ Kd7 55. f7 Kc7 56. f8=Q Kc6 57. Qc3+ Kb6 58. Qd6+ Ka7 59. Qcc7+
Ka8 60. Qb8# {Hossa checkmated} 1-0